00757nam a2200241 a 4500001001300000003000900013005001700022008004100039020002400080082002000104100002300124245004900147260003300196300000900229500003500238505002400273650002500297700002300322902000800345942000700353952013800360999001700498nice12345678IN_TiNIC20260116014054.0101129s2009 newa grp 000 0 eng  a9781570757846c116600a956.94054bATE1 aAteek, Naim Stifan aPalestinian Christian Cry for Reconciliation aNew YorkbOrbis Books c2009 a224p aincludes index and biblioraphy2 aBibliography, Index aArab-Israel Conflict1 aAteek, Naim Stifan bSRC cBK 001040708StackRoom-aHMIbHMId2012-07-18g1166.00l3m6o956.94054 ATE1p023400r2022-03-02s2016-04-07v1166.00w2010-11-29yBK c13752d13752